Enfrentando la globalización: respuestas sociales a la integración económica de México /

Furkejuvvon:
Bibliográfalaš dieđut
Váldodahkki: Carlsen, Laura
Eará dahkkit: coord. Wise, Tim coord. Salazar, Hilda coord
Materiálatiipa: Texto
Almmustuhtton: México, D.F.: Red Mexicana de Acción Frente al Libre Comercio
Fáttát:
Fáddágilkorat: Lasit fáddágilkoriid
Eai fáddágilkorat, Lasit vuosttaš fáddágilkora!

MARC

LEADER 00000 a a2200000 04500
001 35120
003
040
090 |a 0001 C284e  
100 |a Carlsen, Laura  
245 |a Enfrentando la globalización: respuestas sociales a la integración económica de México /  |c Laura Carlsen  
260 |a México, D.F.:   |b Red Mexicana de Acción Frente al Libre Comercio  
300 |a 273 p.  
650 |a INDUSTRIA AUTOMOTRIZ  
650 |a EMPRESAS TRANSNACIONALES  
650 |a CONDICIONES DE TRABAJO  
650 |a TLCAN  
650 |a CONFLICTOS  
650 |a ORGANIZACIONES DE TRABAJADORES  
650 |a MEXICO  
700 |a coord.   |a Wise, Tim   |a coord.   |a Salazar, Hilda   |a coord.  
999 |c 4184  |d 4184